[Event "BI-2015-P-0000"]
[Site "LSS email"]
[Date "2015.04.16"]
[Round "?"]
[White "Bulgarini Torre, Marco"]
[Black "Rodriguez, Carlos Danilo"]
[Result "1-0"]
[WhiteElo "2198"]
[BlackElo "1500"]
[PlyCount "39"]
[EventDate "2015.04.22"]
[EventType "tourn (corr)"]
[EventRounds "10"]
[EventCountry "GER"]
[SourceTitle "Corr 2022"]
[Source "ChessBase"]
[SourceDate "2021.10.24"]
[SourceVersion "1"]
[SourceVersionDate "2021.10.24"]
[SourceQuality "1"]

1. e4 c5 2. Nc3 e6 3. g3 Nc6 4. Bg2 Nf6 5. Nge2 Be7 6. 0-0 0-0 7. h3 Rb8 8. a4 a6 9. d3 e5 10. Nd5 d6 11. Nxe7+ Qxe7 12. Nc3 b5 13. axb5 axb5 14. Bg5 Be6 15. Nd5 Bxd5 16. exd5 Nd4 17. c3 Nf5 18. g4 Nh6 19. Qd2 Kh8 20. Bxf6 1-0

[Event "BI-2015-P-0000"]
[Site "LSS email"]
[Date "2015.04.16"]
[Round "?"]
[White "Knoeppel, Bjoern"]
[Black "Rodriguez, Carlos Danilo"]
[Result "1-0"]
[WhiteElo "1932"]
[BlackElo "1500"]
[PlyCount "45"]
[EventDate "2015.04.22"]
[EventType "tourn (corr)"]
[EventRounds "10"]
[EventCountry "GER"]
[SourceTitle "Corr 2022"]
[Source "ChessBase"]
[SourceDate "2021.10.24"]
[SourceVersion "1"]
[SourceVersionDate "2021.10.24"]
[SourceQuality "1"]

1. e4 c5 2. a3 Nc6 3. b4 b6 4. b5 Ne5 5. f4 Ng6 6. d3 e6 7. Nf3 Nf6 8. e5 Nd5 9. g3 d6 10. Bg2 Be7 11. c4 Nc7 12. 0-0 Bb7 13. Bb2 0-0 14. a4 a6 15. exd6 Bxd6 16. Nc3 Ne7 17. Qe2 Nf5 18. a5 Bxf3 19. Qxf3 Rb8 20. axb6 Rxb6 21. Na4 Rb8 22. b6 Ne8 23. Qf2 1-0

[Event "OP-2015-0-03678"]
[Site "LSS email"]
[Date "2015.03.24"]
[Round "?"]
[White "Rodriguez, Carlos Danilo"]
[Black "Herzog, Agnes"]
[Result "0-1"]
[WhiteElo "1500"]
[BlackElo "1464"]
[PlyCount "74"]
[EventDate "2015.03.17"]
[EventType "tourn (corr)"]
[EventRounds "4"]
[EventCountry "GER"]
[SourceTitle "Corr 2022"]
[Source "ChessBase"]
[SourceDate "2021.10.24"]
[SourceVersion "1"]
[SourceVersionDate "2021.10.24"]
[SourceQuality "1"]

1. e4 e5 2. Nf3 Nc6 3. Bb5 Nf6 4. 0-0 Nxe4 5. Re1 Nd6 6. Bxc6 dxc6 7. Nxe5 Be7 8. d4 0-0 9. Nc3 Nf5 10. Nf3 Be6 11. Ne4 Re8 12. c3 Bd5 13. Bf4 Bd6 14. Nxd6 cxd6 15. Qd3 Qf6 16. Bg5 Rxe1+ 17. Rxe1 Qg6 18. Bf4 Bxa2 19. Qe2 h6 20. h3 Qf6 21. Bh2 a5 22. Nd2 Bd5 23. Ne4 Qg6 24. f3 b5 25. g4 a4 26. Kf2 Nh4 27. Bg3 f5 28. Bxh4 fxe4 29. fxe4 Re8 30. e5 Rf8+ 31. Kg1 dxe5 32. dxe5 a3 33. bxa3 Rf3 34. Kh2 Rxc3 35. Rd1 Rxa3 36. Rxd5 cxd5 37. e6 Qd3 0-1

[Event "OP-2015-0-03678"]
[Site "LSS email"]
[Date "2015.03.23"]
[Round "?"]
[White "Rodriguez, Carlos Danilo"]
[Black "Hansen, Michael Bo"]
[Result "0-1"]
[WhiteElo "1500"]
[BlackElo "1654"]
[PlyCount "30"]
[EventDate "2015.03.17"]
[EventType "tourn (corr)"]
[EventRounds "4"]
[EventCountry "GER"]
[SourceTitle "Corr 2022"]
[Source "ChessBase"]
[SourceDate "2021.10.24"]
[SourceVersion "1"]
[SourceVersionDate "2021.10.24"]
[SourceQuality "1"]

1. d4 Nf6 2. Nf3 e6 3. c4 b6 4. a3 Bb7 5. e3 d5 6. Nc3 Nbd7 7. Bd3 Be7 8. 0-0 dxc4 9. Bxc4 0-0 10. Qe2 c5 11. Rd1 Qc7 12. b3 a6 13. h3 b5 14. Bd3 cxd4 15. Nxd4 Qxc3 0-1

[Event "OP-2015-0-03672"]
[Site "LSS email"]
[Date "2015.03.14"]
[Round "?"]
[White "Rodriguez, Carlos Danilo"]
[Black "Firnhaber, Ingo"]
[Result "0-1"]
[WhiteElo "1500"]
[BlackElo "2415"]
[PlyCount "46"]
[EventDate "2015.03.09"]
[EventType "tourn (corr)"]
[EventRounds "4"]
[EventCountry "GER"]
[SourceTitle "Corr 2022"]
[Source "ChessBase"]
[SourceDate "2021.10.24"]
[SourceVersion "1"]
[SourceVersionDate "2021.10.24"]
[SourceQuality "1"]

1. e4 e5 2. Nf3 Nc6 3. Bb5 a6 4. Ba4 Nf6 5. 0-0 b5 6. Bb3 Be7 7. Re1 0-0 8. d3 Bb7 9. c3 d6 10. Nbd2 Na5 11. Bc2 c5 12. Nf1 Re8 13. a4 b4 14. Ng3 Bf8 15. Bg5 h6 16. Bd2 d5 17. exd5 Qxd5 18. Ne4 Qe6 19. d4 cxd4 20. cxd4 exd4 21. Nxd4 Qb6 22. Nxf6+ Qxf6 23. Be3 Rad8 0-1

[Event "OP-2015-0-03672"]
[Site "LSS email"]
[Date "2015.03.14"]
[Round "?"]
[White "Rodriguez, Carlos Danilo"]
[Black "Neumann, Frank"]
[Result "1-0"]
[WhiteElo "1500"]
[BlackElo "430"]
[PlyCount "67"]
[EventDate "2015.03.09"]
[EventType "tourn (corr)"]
[EventRounds "4"]
[EventCountry "GER"]
[SourceTitle "Corr 2022"]
[Source "ChessBase"]
[SourceDate "2021.10.24"]
[SourceVersion "1"]
[SourceVersionDate "2021.10.24"]
[SourceQuality "1"]

1. d4 d5 2. Nf3 Nc6 3. c4 dxc4 4. Nc3 Nf6 5. e3 e6 6. Bxc4 Be7 7. 0-0 0-0 8. a3 Na5 9. Bd3 a6 10. Qa4 b6 11. b4 Bd7 12. Qc2 Nc6 13. Rd1 b5 14. Bb2 g6 15. Rac1 Ng4 16. Ne4 Qc8 17. Nc5 Rd8 18. Be4 Rb8 19. Bd3 Be8 20. Qe2 Kf8 21. Rc2 Rd5 22. Rdc1 h5 23. e4 Rd8 24. e5 Kg7 25. Ne4 Na7 26. h3 Nh6 27. Nf6 Bxf6 28. exf6+ Kxf6 29. Qe5+ Ke7 30. Qg5+ Kd7 31. Qxh6 Qb7 32. Ne5+ Kc8 33. Qf4 Qd5 34. Rxc7# 1-0

[Event "OP-2015-0-03642"]
[Site "LSS email"]
[Date "2015.02.07"]
[Round "?"]
[White "Rodriguez, Carlos Danilo"]
[Black "Amuso, Jose Alberto"]
[Result "1-0"]
[WhiteElo "1500"]
[BlackElo "978"]
[PlyCount "49"]
[EventDate "2015.02.03"]
[EventType "tourn (corr)"]
[EventRounds "4"]
[EventCountry "GER"]
[SourceTitle "Corr 2022"]
[Source "ChessBase"]
[SourceDate "2021.10.24"]
[SourceVersion "1"]
[SourceVersionDate "2021.10.24"]
[SourceQuality "1"]

1. e4 e5 2. Nf3 Nf6 3. d4 exd4 4. e5 Ne4 5. Qxd4 d5 6. Bb5+ Bd7 7. Bd3 Bc5 8. Qxd5 Bc6 9. Qxd8+ Kxd8 10. Bxe4 Bxe4 11. Bg5+ f6 12. exf6 Ke8 13. fxg7 Rg8 14. Bh6 Bxf3 15. gxf3 Bd4 16. Nc3 Kf7 17. 0-0-0 Bxg7 18. Bxg7 Rxg7 19. Rd8 Kf6 20. Re1 Rg2 21. Ree8 a5 22. Rxb8 Rxb8 23. Rxb8 Rxf2 24. Rxb7 Rxf3 25. Rxc7 1-0

[Event "OP-2015-0-03642"]
[Site "LSS email"]
[Date "2015.02.07"]
[Round "?"]
[White "Rodriguez, Carlos Danilo"]
[Black "Digiglio, Rafael"]
[Result "1-0"]
[WhiteElo "1500"]
[BlackElo "708"]
[PlyCount "51"]
[EventDate "2015.02.03"]
[EventType "tourn (corr)"]
[EventRounds "4"]
[EventCountry "GER"]
[SourceTitle "Corr 2022"]
[Source "ChessBase"]
[SourceDate "2021.10.24"]
[SourceVersion "1"]
[SourceVersionDate "2021.10.24"]
[SourceQuality "1"]

1. d4 d5 2. Nf3 Nf6 3. c4 dxc4 4. a4 a5 5. Nc3 Bg4 6. e3 e6 7. Bxc4 Bb4 8. 0-0 0-0 9. Qe2 Bxc3 10. bxc3 Ne4 11. Bb2 c6 12. Bd3 Bxf3 13. gxf3 Nd6 14. Kh1 f5 15. Rg1 g6 16. Rg3 Qb6 17. Ba3 Qc7 18. e4 Rf7 19. Rb1 f4 20. Rg4 Ne8 21. e5 Ng7 22. Qd2 Nh5 23. Rbg1 Ng7 24. Rxf4 Nd7 25. Bd6 Qd8 26. Rxf7 1-0